01321nam a2200313Ia 4500003000900000005001700009008004100026040003800067041000800105084001000113099001000123100004100133245015600174260003000330300002700360336002900387337003300416338002800449502010300477504003100580650004300611650002300654650002700677650004000704650003100744942006000775999001500835952015700850gtgcusco20251013095146.0250904t1991||||xx |||||||||||||| ||spa|| agtgcuscobspacgtgcuscodgtgcusco aspa aT1241 aT1241 aDe León Sosa, Martha Leonor915340 0aOcurrencia de lesiones ulcerativas de la cavidad oral en la población del área urbana del municipio de Sololá /cMartha Leonor De León Sosa. -- aGuatemala :bUSAC,c1991. a67 p. :bil. ;c27 cm. atextobtxt2rdacontenido aSin mediaciónbn2rdamedio avolumenbnc2rdasoporte aTesis (Cirujano Dentista) -- Universidad de San Carlos de Guatemala, Facultad de Odontología. -- a Bibliografía: p. 66-67. aBocaxEnfermedadesxPatología917805 aUlcera oral917972 aPatología bucal9398 aBocaxEnfermedades y lesiones95933 aDientesxEnfermedades9710 aBiblioteca Facultad de OdontologíacTESISkT12412ddc c6623d6623 00102ddc4070aODONTObODONTOcTesisd1991-09-02eGraduandosg50.00i10-H-s.n.l0oT1241pT00001874r2025-10-13 09:53:34t1yTESISzPréstamo externo